[Event "Mataro Maresme op-A 13th"]
[Site "Mataro"]
[Date "2016.11.05"]
[Round "5"]
[White "Moriche Vivas, Carlos"]
[Black "Duran Gutierrez, Juan Luis"]
[Result "0-1"]
[WhiteElo "1419"]
[BlackElo "1902"]
[PlyCount "60"]
[EventDate "2016.10.08"]
[EventType "swiss"]
[EventRounds "9"]
[EventCountry "ESP"]
[SourceTitle "EXT 2018"]
[Source "ChessBase"]
[SourceDate "2017.10.13"]
[SourceVersion "1"]
[SourceVersionDate "2017.10.13"]
[SourceQuality "1"]

1. e4 c6 2. Nf3 d5 3. e5 Bf5 4. d4 e6 5. Bd3 Ne7 6. c3 Bxd3 7. Qxd3 Nf5 8. Na3 Be7 9. Nc2 Nd7 10. Ne3 Nxe3 11. Bxe3 0-0 12. g4 c5 13. g5 cxd4 14. cxd4 Qa5+ 15. Bd2 Bb4 16. h4 Rfc8 17. h5 Bxd2+ 18. Nxd2 Nb6 19. 0-0 Nc4 20. Nb3 Qd8 21. Qg3 Nxb2 22. f4 Rc2 23. Rac1 Rac8 24. Nc5 Rxc1 25. Rxc1 b6 26. Qc3 Na4 27. Qa3 Nxc5 28. dxc5 bxc5 29. Rxc5 Qb6 30. Qxa7 Qxa7 0-1

[Event "Mataro Maresme op-A 13th"]
[Site "Mataro"]
[Date "2016.10.15"]
[Round "2"]
[White "Fradera Manils, Josep"]
[Black "Moriche Vivas, Carlos"]
[Result "0-1"]
[WhiteElo "1743"]
[BlackElo "1419"]
[PlyCount "46"]
[EventDate "2016.10.08"]
[EventType "swiss"]
[EventRounds "9"]
[EventCountry "ESP"]
[SourceTitle "EXT 2018"]
[Source "ChessBase"]
[SourceDate "2017.10.13"]
[SourceVersion "1"]
[SourceVersionDate "2017.10.13"]
[SourceQuality "1"]

1. e4 e5 2. Nf3 Nc6 3. d4 exd4 4. Bc4 Bb4+ 5. c3 dxc3 6. bxc3 Bc5 7. Bxf7+ Kxf7 8. Qd5+ Kf8 9. Qxc5+ d6 10. Qe3 Be6 11. 0-0 Qf6 12. Ba3 Ne5 13. Nxe5 Qxe5 14. f4 Qh5 15. e5 Kf7 16. exd6 cxd6 17. Bxd6 Re8 18. Be5 Nh6 19. h3 Nf5 20. Qf2 Bd5 21. Nd2 Nh4 22. g3 Nf5 23. Kh2 Nh6 0-1